000
00263nam a2200097Ia 4500
005
20251222114414.0
008
251222s1900||||xx |||||||||||||| ||spa||
082
_a
DVD0097/M46/2000
245
4
_a
The magic and beauty of clay:Magia y Belleza de la Arcilla
942
_c
DVD
999
_c
2137
_d
2137